Taxonomie Pokémon - Éléphants - Statistiques

Statistiques générales
  • Ce quiz a été pris 67 fois
  • Le résultat moyen est 5 sur 6
Statistiques - réponses
Type de quiz Pokémon % Correct
Sol Donphan
100%
Sol Phanpy
97%
Sol Combat Fort-Ivoire
88%
Acier Pachyradjah
88%
Sol Acier Roue-de-Fer
83%
Acier Charibari
81%
Aucun quiz correspondant
Distribution des résultats
% des personnes avec chaque résultat
Percentile par nombre de réponses
Votre historique - résultats
Vous n’avez pas pris ce quiz